Los diez libros de arquitectura
Salvato in:
| Autore principale: | |
|---|---|
| Natura: | Libro |
| Lingua: | spagnolo |
| Pubblicazione: |
Madrid
Alianza
1995
|
| Edizione: | 1a. ed |
| Serie: | Alianza Forma, 133
|
| Soggetti: | |
| Tags: |
Aggiungi Tag
Nessun Tag, puoi essere il primo ad aggiungerne!!
|
MARC
| LEADER | 00000nam a2200000 a 4500 | ||
|---|---|---|---|
| 001 | UCK4655 | ||
| 003 | CL-VaPUC | ||
| 005 | 20230816164115.0 | ||
| 008 | 050617e19950000SP |||||||||||||||||spa|d | ||
| 999 | |c 313474 |d 313472 | ||
| 020 | |a 8420671339 | ||
| 040 | |c Pontificia Universidad Católica de Valparaíso | ||
| 082 | 0 | 4 | |a 722.7 |b VIT |2 21 |
| 100 | 0 | |a Vitruvio Polión, Marco Lucio |e author |9 440651 | |
| 245 | 1 | 4 | |a Los diez libros de arquitectura |
| 250 | |a 1a. ed | ||
| 260 | |a Madrid |b Alianza |c 1995 | ||
| 300 | |a 398 p | ||
| 490 | 0 | |a Alianza Forma, 133 | |
| 583 | |a last modification |c 20050617 00:00:00 |k Rodrigo Vera | ||
| 600 | |a Vitruvio, Marco Lucio |9 883928 |x Arquitecto romano | ||
| 650 | 0 | |a Arquitectura en la Antigüedad |9 882424 | |
| 650 | 0 | |a Tratado de Arquitectura |9 882427 |x Oficio de Arquitecto |x Imitación de la naturaleza | |
| 650 | 0 | |a Triada vitruviana |9 882429 |x Estabilidad |x Utilidad |x Belleza | |
| 942 | |c BK |2 ddc | ||
| 945 | |d 20050617 00:00:00 |a cmena | ||
| 952 | |0 0 |1 0 |4 0 |6 722_700000000000000_VIT_1995 |7 0 |8 R |9 384849 |a BIBARQ |b BIBARQ |d 2019-11-22 |i 4139402 |o 722.7 VIT 1995 |p 4139402 |r 2025-01-20 |w 2019-11-22 |y BK_R |k ARQ | ||
| 952 | |0 0 |1 0 |4 0 |6 722_700000000000000_VIT_1995 |7 0 |8 R |9 384850 |a BIBARQ |b BIBARQ |d 2019-11-22 |i 4139410 |l 2 |o 722.7 VIT 1995 |p 4139410 |r 2025-01-20 |s 2023-03-16 |w 2019-11-22 |y BK_R |k ARQ | ||